000 00528cam a2200217 4500
008 090401t1991 xxu||||| |||| 00| 0 eng d
020 _a0862999626
035 _a(Sirsi) u72648
041 _aeng
050 _a634.92
100 _aHart, Cyril E
245 _aPractical forestry for the agent and surveyor
250 _a3rd ed.
260 _aLondon
_bAlan Sutton
_c1991
300 _axxix,658p. : ill. ; 24cm
350 _a25
650 _aFORESTRY
690 _aRURAL PRACTICE
942 _n0
948 _c04/03/1997
999 _c95517
_d95517